O mundo em que vivi (Registo nº 308)
[ vista simples ]
| 000 -Etiqueta do registo | |
|---|---|
| Cabeçalho | 00718nam0a2200265 4500 |
| 005 - Identificador da versão | |
| Campo de controlo | 20240813121759.0 |
| 010 ## - Número internacional normalizado dos livros (ISBN) | |
| Número (ISBN) | 972360535X |
| 021 ## - Número do Depósito Legal | |
| Código do país | PT |
| Número | 54838/92 |
| 100 ## - Dados gerais de processamento | |
| Dados gerais de processamento | 20150116d2002 a e0pory5003 ba |
| 102 ## - Pais de publicação ou produção | |
| País de publicação | Portugal |
| 101 0# - Língua de publicação | |
| Língua do texto, banda sonora, etc. | Português |
| 215 ## - Descrição física | |
| Indicação específica da natureza do documento e extensão da espécie | 196 p |
| 200 1# - Titulo e menção de responsabilidade | |
| Título próprio | O mundo em que vivi |
| Primeira menção de responsabilidade | Ilse Losa |
| 225 2# - Colecção | |
| Título próprio da colecção | Fixões |
| Indicação de volume | 14 |
| 205 ## - Menção da edição | |
| Menção da edição | 24ª edição |
| 210 ## - Publicação, Distribuição, etc. | |
| Lugar da edição, distribuição, etc. | Porto |
| Nome do editor, distribuidor, etc. | Ed. Afrontamento |
| Data da publicação, distribuição, etc. | D. L. 1992 |
| Data da impressão | imp. 2002 |
| 300 ## - Notas gerais | |
| Texto da nota | Metas curriculares |
| 606 ## - Nome comum usado como assunto | |
| Número de registo de entrada de autoridade | 0002005 |
| Palavra de ordem | Literatura portuguesa |
| Subdivisão de assunto | Romance |
| Código do sistema | CA |
| 675 ## - Classificação Decimal Universal (CDU) | |
| Notação | 821.134.3-31 |
| Edição | 3ª ed. |
| Língua da edição | por |
| 700 #1 - Nome de autor-pessoa física (responsabilidade principal) | |
| Número de registo de entrada de autoridade | 0002006 |
| Palavra de ordem | Losa |
| Outra parte do nome não tomada para palavra de ordem | Ilse |
| Datas | 1913-2006 |
| 966 ## - Identificação da Biblioteca | |
| Sigla | EB2,3ENM |
| 942 ## - Elementos de entrada adicionados (Koha) | |
| Tipo de item no Koha | Livro |
| Situação do levantamento | Origin of item (home branch) (coded) | Biblioteca de empréstimo | Código de barras | Cota | Circulation type (not for loan) | Tipo de documento | Nota do exemplar | Damaged status |
|---|---|---|---|---|---|---|---|---|
| Biblioteca Escolar Eng. Nuno Mergulhão | Biblioteca Escolar Eng. Nuno Mergulhão | BENM882 | 82LP-3 LOS MET | Livro | Sem mensagem |
